000 00327nam a22001457a 4500
008 210311b ||||| |||| 00| 0 eng d
020 _a0201119455
041 _aeng
080 _a510
082 _a510
100 _a36
101 _aMAT
245 _aIntroduction to Artificial Intelligence
_cCharniak, E
942 _2udc
_cBK
999 _c56441
_d56441